[Event "29th Czech Open-Rapid 2018"]
[Site "Pardubice"]
[Date "2018.07.18"]
[Round "1"]
[White "Rakshitta Ravi"]
[Black "Illetsko, Jaroslav"]
[Result "1-0"]
[WhiteElo "2026"]
[BlackElo "2177"]
[Annotator "TA"]
[PlyCount "93"]
[EventDate "2018.07.18"]
[EventType "swiss"]
[EventCountry "CZE"]
[SourceTitle "playchess.com"]
[Source "ChessBase"]
[SourceQuality "1"]

{[%evp 10,93,63,44,47,19,70,0,60,-7,52,50,63,74,55,17,35,46,52,-70,0,0,0,0,0,0,0,0,17,13,15,22,65,68,72,10,167,160,169,162,170,165,173,167,168,77,158,158,182,182,194,186,187,194,239,186,270,255,280,234,280,243,414,399,400,398,517,515,552,546,540,536,747,664,1002,1014,1465,1318,8948,8948,1844,1000,29983,504,6394,6095]} 1. e4 g6 2. d4 Bg7 3. Nc3 c6 4. Nf3 d6 5. h3 Nd7 6. Be2 {LiveBook: 9 Partien. B06: Moderne Verteidigung} (6. Be3 e5 7. Bd3 Ngf6 8. O-O O-O 9. Qd2 Re8 10. Rfe1 b5 11. dxe5 dxe5 12. a4 b4 13. Ne2 a5 14. c3 Qe7 15. cxb4 axb4 16. Rec1 c5 17. Ng3 {1-0 (63) Leko,P (2732)-Bologan,V (2681) Beijing 2012}) 6... Qc7 7. Be3 Ngf6 (7... b5 $11) 8. Qd2 (8. a4 $14) 8... a6 (8... b5 $1 $11) 9. O-O-O $146 (9. Bh6 $14 O-O 10. a4) ({Vorgänger:} 9. a4 b6 10. Rd1 O-O 11. e5 Ne8 12. exd6 Nxd6 13. Bf4 Bb7 {0-1 (33) Reiter,F (1875)-Schiffer,S (2111) Seefeld 2000}) 9... b5 (9... O-O $11) 10. e5 $1 $14 {[%cal Re5f6]} Nd5 11. Nxd5 cxd5 12. Bf4 {Droht stark exd6.} dxe5 13. dxe5 {[#] Und weiter mit e6 wäre nett.} e6 {[%cal Rd7e5]} 14. Qb4 (14. Bh6 $14 O-O 15. Bxg7 Kxg7 16. Qe3) 14... Qc5 (14... a5 $15 15. Qd6 (15. Qxb5 $2 Ba6 $19) 15... Qxd6 16. exd6 Ba6) 15. Qxc5 $11 Nxc5 16. Be3 Nd7 17. Bd4 O-O 18. Kb1 f6 19. exf6 Nxf6 20. Bd3 Bb7 21. Rhe1 Rae8 22. Ng5 (22. Ne5 $16) 22... Ne4 $2 (22... Nh5 $11 23. Nxe6 Rxe6 24. Rxe6 Bxd4) 23. Bxg7 $18 ({Und nicht} 23. Nxe4 dxe4 24. Bxe4 Bxe4 $11) (23. Bxe4 Bxd4 24. Rxd4 dxe4 $11) 23... Kxg7 24. Bxe4 {Und Lf3 würde nun gewinnen.} h6 25. Bxg6 Kxg6 26. Nf3 Kg7 27. Re5 (27. Re2 $18 {ist viel giftiger.}) 27... Rf4 ({Günstiger ist} 27... d4) 28. Rd4 $16 Rxd4 29. Nxd4 {[%mdl 4096] Endspiel KTL-KTS} Kf6 30. f4 b4 31. g4 a5 32. Kc1 a4 (32... Bc8 {ist eine bessere Verteidigung.} 33. Rh5 Kg7) 33. Kd2 Ba6 34. Nc6 Bf1 35. h4 ({Auf keinen Fall} 35. Nxb4 $6 Rb8 $16) 35... b3 $2 (35... Bh3 {ist wohl besser.} 36. Nxb4 Rb8) 36. axb3 axb3 37. cxb3 Bh3 38. g5+ hxg5 39. hxg5+ Kf7 40. b4 Bf1 41. Nd4 Rb8 42. Rxe6 Rxb4 43. g6+ Kf8 44. Nf5 {Droht Matt per g7+.} Rxb2+ 45. Kc3 {Weiss droht g7+ und Matt.} Rb7 46. g7+ (46. Rf6+ $142 Kg8 47. Rd6 d4+ 48. Kxd4 Rb4+ 49. Kc3 Rc4+ 50. Kd2 Rc8 51. Ne7+ Kg7 52. Nxc8) 46... Kf7 {[#]} (46... Rxg7 $142 47. Nxg7 Kxg7) 47. Re8 $1 {[%mdl 512] Precision: Weiß = 46%, Schwarz = 24%.} 1-0

[Event "29th Czech Open-Rapid 2018"]
[Site "Pardubice"]
[Date "2018.07.18"]
[Round "1"]
[White "Kolasa, Pjotrs"]
[Black "Zakhartsov, Viacheslav V"]
[Result "1/2-1/2"]
[WhiteElo "2021"]
[BlackElo "2539"]
[Annotator "TA"]
[PlyCount "66"]
[EventDate "2018.07.18"]
[EventType "swiss"]
[EventCountry "CZE"]
[SourceTitle "playchess.com"]
[Source "ChessBase"]
[SourceQuality "1"]

{[%evp 19,66,8,28,10,17,12,9,0,8,5,8,11,27,8,7,0,4,0,10,0,0,0,2,0,16,0,64,23,29,29,31,0,0,0,0,0,0,0,0,0,0,-47,0,0,0,0,0,0,0]} 1. Nf3 g6 2. c4 Bg7 3. Nc3 c5 4. g3 Nc6 5. Bg2 e6 6. O-O Nge7 7. e3 O-O 8. d4 cxd4 9. Nxd4 Nxd4 10. exd4 d6 {LiveBook: 13 Games. A36: Symmetrical English vs ...g6: 4 Bg2 Bg7} (10... d5 11. cxd5 Nxd5 12. Nxd5 exd5 13. Be3 Be6 14. Qd2 Qd7 15. Rfc1 Rfc8 16. h4 h5 17. b3 {½-½ (17) Mirzoev,A (2541)-Kovalev,A (2517) Panevezys 2017}) 11. Bg5 h6 12. Be3 Nf5 13. Qd2 Qc7 14. b3 a6 $146 ({Predecessor:} 14... Bd7 15. Rac1 a6 16. Ne4 Nxe3 17. fxe3 f5 18. Nc3 {½-½ (69) Meinert,T (1884)-Vasiljev,J (2032) Krefeld 2007}) 15. Rac1 Rb8 16. Be4 Nxe3 17. fxe3 Bd7 18. Bg2 Qa5 19. Ne4 Qxd2 20. Nxd2 f5 21. c5 Bb5 22. Rfe1 Rfd8 ({Better is} 22... dxc5 $11 23. a4 Be8) 23. cxd6 (23. c6 {looks sharper.} Bxc6 24. Bxc6 bxc6 25. Rxc6 a5 26. Nc4) 23... Rxd6 24. Nc4 Bxc4 25. Rxc4 e5 26. dxe5 Bxe5 27. e4 b5 28. Rc2 Bd4+ 29. Kh1 Re8 30. Rce2 fxe4 31. Bxe4 {[#] Bd5+! is the strong threat.The position is equal.} Kg7 32. Bb7 Rxe2 33. Rxe2 a5 {Precision: White = 50%, Black = 37%.} 1/2-1/2

[Event "29th Czech Open-Rapid 2018"]
[Site "Pardubice"]
[Date "2018.07.18"]
[Round "1"]
[White "Hauschild, Rudolf jun"]
[Black "Mirzoeva, Elmira"]
[Result "1-0"]
[WhiteElo "2015"]
[BlackElo "2249"]
[Annotator "NA RC"]
[PlyCount "203"]
[EventDate "2018.07.18"]
[EventType "swiss"]
[EventCountry "CZE"]
[SourceTitle "playchess.com"]
[Source "ChessBase"]
[SourceQuality "1"]
[TimeControl "900+10"]

1. e4 {[%emt 0:00:00]} d6 {[%emt 0:00:00]} 2. d4 {[%emt 0:00:00]} Nf6 {[%emt 0:00:00]} 3. Nc3 {[%emt 0:00:23]} e5 {[%emt 0:00:05]} 4. Nf3 {[%emt 0:00:29]} Nbd7 {[%emt 0:00:06]} 5. dxe5 {[%emt 0:01:00]} dxe5 {[%emt 0:01:40]} 6. Bc4 {[%emt 0:00:52]} Bb4 {[%emt 0:01:40]} 7. Qe2 {[%emt 0:00:56]} O-O {[%emt 0:00:10]} 8. O-O {[%emt 0:00:04]} c6 {[%emt 0:00:14]} 9. a4 {[%emt 0:00:35]} Qe7 {[%emt 0:01:12]} 10. h3 {[%emt 0:00:32]} a5 {[%emt 0:00:20]} 11. Rd1 {[%emt 0:00:33]} Nc5 {[%emt 0:00:24]} 12. Bg5 {[%emt 0:00:37]} h6 {[%emt 0:00:41]} 13. Bxf6 {[%emt 0:00:21]} Qxf6 {[%emt 0:00:02]} 14. Kh1 {[%emt 0:01:16]} Be6 {[%emt 0:02:21]} 15. Bxe6 {[%emt 0:04:02]} Qxe6 {[%emt 0:01:31]} 16. Nb1 {[%emt 0:01:40]} Rfd8 {[%emt 0:01:09]} 17. Nbd2 {[%emt 0:00:42]} Nd7 {[%emt 0:01:07]} 18. c3 {[%emt 0:00:34]} Bc5 {[%emt 0:00:04]} 19. Nc4 {[%emt 0:00:12]} f6 {[%emt 0:01:23]} 20. b3 {[%emt 0:01:00]} Be7 {[%emt 0:00:12]} 21. Qc2 {[%emt 0:01:41]} Nc5 {[%emt 0:00:21]} 22. Rd2 {[%emt 0:00:58]} Rxd2 {[%emt 0:00:23]} 23. Nfxd2 {[%emt 0:00:02]} Bd8 {[%emt 0:00:25]} 24. b4 {[%emt 0:00:15]} axb4 {[%emt 0:00:11]} 25. cxb4 {[%emt 0:00:01]} Nd7 {[%emt 0:00:09]} 26. a5 {[%emt 0:00:23]} Be7 {[%emt 0:00:04]} 27. Qc3 {[%emt 0:00:10]} Bf8 {[%emt 0:00:30]} 28. Rb1 {[%emt 0:00:10]} Kh7 {[%emt 0:00:08]} 29. Rd1 {[%emt 0:00:10]} Be7 {[%emt 0:00:20]} 30. Rb1 {[%emt 0:00:10]} Rd8 {[%emt 0:00:12]} 31. Qc2 {[%emt 0:00:10]} Nb8 {[%emt 0:00:04]} 32. Nb6 {[%emt 0:00:10]} Na6 {[%emt 0:00:07]} 33. b5 {[%emt 0:00:02]} Nb4 {[%emt 0:00:44]} 34. Qc4 {[%emt 0:00:18]} Qxc4 {[%emt 0:00:18]} 35. Ndxc4 {[%emt 0:00:03]} cxb5 {[%emt 0:00:01]} 36. Ne3 {[%emt 0:00:13]} Rd4 {[%emt 0:01:09]} 37. f3 {[%emt 0:00:13]} Bc5 {[%emt 0:00:21]} 38. Ned5 {[%emt 0:00:12]} Nxd5 {[%emt 0:00:24]} 39. Nxd5 {[%emt 0:00:09]} b4 {[%emt 0:00:06]} 40. Rc1 {[%emt 0:00:01]} Bd6 {[%emt 0:00:02]} 41. Kg1 {[%emt 0:00:19]} b3 {[%emt 0:00:17]} 42. Rb1 {[%emt 0:00:06]} Bc5 {[%emt 0:00:53]} 43. Kf1 {[%emt 0:00:07]} Rd2 {[%emt 0:00:07]} 44. Rxb3 {[%emt 0:00:16]} Rf2+ {[%emt 0:00:02]} 45. Ke1 {[%emt 0:00:05]} Rxg2 {[%emt 0:00:12]} 46. Rxb7 {[%emt 0:00:02]} Ra2 {[%emt 0:00:04]} 47. Nxf6+ {[%emt 0:00:17]} Kg6 {[%emt 0:00:01]} 48. Ne8 {[%emt 0:00:12]} Bf8 {[%emt 0:00:04]} 49. Rb5 {[%emt 0:00:05]} Rxa5 50. Rxa5 {[%emt 0:00:16]} Bb4+ {[%emt 0:00:05]} 51. Kf2 {[%emt 0:00:11]} Bxa5 {[%emt 0:00:01]} 52. Kg2 {[%emt 0:00:03]} Be1 {[%emt 0:01:03]} 53. Nc7 {[%emt 0:00:19]} Kf6 {[%emt 0:00:09]} 54. Nd5+ {[%emt 0:00:02]} Ke6 {[%emt 0:00:02]} 55. Ne3 {[%emt 0:00:04]} g6 {[%emt 0:00:08]} 56. Nc4 {[%emt 0:00:17]} h5 {[%emt 0:00:06]} 57. Ne3 Bh4 {[%emt 0:00:09]} 58. Nd1 {[%emt 0:00:18]} Kd6 {[%emt 0:00:04]} 59. Ne3 {[%emt 0:00:05]} Kc5 {[%emt 0:00:01]} 60. Kf1 {[%emt 0:00:24]} Kd4 {[%emt 0:00:14]} 61. Ke2 {[%emt 0:00:01]} Bf6 {[%emt 0:00:21]} 62. Nc2+ {[%emt 0:00:07]} Kc3 {[%emt 0:00:03]} 63. Ne3 {[%emt 0:00:03]} Bg5 {[%emt 0:00:07]} 64. Nd1+ {[%emt 0:00:01]} Kc2 {[%emt 0:00:02]} 65. Nf2 {[%emt 0:00:04]} Bf4 {[%emt 0:00:29]} 66. Nd3 {[%emt 0:00:04]} Bg3 {[%emt 0:00:05]} 67. Nc5 {[%emt 0:00:10]} Kc3 {[%emt 0:00:17]} 68. Nd7 {[%emt 0:00:14]} Kd4 {[%emt 0:00:22]} 69. Nf8 {[%emt 0:00:12]} Kc5 {[%emt 0:00:25]} 70. Nxg6 {[%emt 0:00:39]} Kd6 {[%emt 0:00:02]} 71. Ke3 {[%emt 0:00:01]} Kd7 {[%emt 0:00:21]} 72. f4 {[%emt 0:00:07]} exf4+ {[%emt 0:00:05]} 73. Nxf4 {[%emt 0:00:02]} h4 {[%emt 0:00:01]} 74. Kf3 {[%emt 0:00:09]} Kd6 {[%emt 0:00:05]} 75. Ng6 {[%emt 0:00:24]} Ke6 {[%emt 0:00:08]} 76. Kg4 {[%emt 0:00:07]} Bf2 {[%emt 0:00:07]} 77. Nf4+ {[%emt 0:00:14]} Kf6 {[%emt 0:00:15]} 78. e5+ {[%emt 0:00:08]} Kf7 {[%emt 0:00:06]} 79. Kf5 {[%emt 0:00:03]} Bc5 {[%emt 0:00:24]} 80. e6+ {[%emt 0:00:06]} Ke8 {[%emt 0:00:03]} 81. Nd5 {[%emt 0:00:17]} Bd6 {[%emt 0:00:08]} 82. Nf6+ {[%emt 0:00:11]} Ke7 {[%emt 0:00:04]} 83. Ne4 {[%emt 0:00:14]} Bb4 {[%emt 0:00:07]} 84. Nf6 {[%emt 0:00:16]} Bd6 {[%emt 0:00:07]} 85. Nd5+ {[%emt 0:00:06]} Ke8 {[%emt 0:00:02]} 86. Kf6 {[%emt 0:00:03]} Bg3 {[%emt 0:00:48]} 87. e7 {[%emt 0:00:09]} Bd6 {[%emt 0:00:11]} 88. Ke6 {[%emt 0:00:11]} Bxe7 {[%emt 0:00:05]} 89. Nxe7 {[%emt 0:00:01]} Kf8 {[%emt 0:00:01]} 90. Ng6+ {[%emt 0:00:11]} Kg7 {[%emt 0:00:01]} 91. Kf5 {[%emt 0:00:02]} Kh6 {[%emt 0:00:03]} 92. Nxh4 {[%emt 0:00:06]} Kh5 {[%emt 0:00:01]} 93. Nf3 {[%emt 0:00:07]} Kh6 {[%emt 0:00:01]} 94. h4 {[%emt 0:00:02]} Kh5 {[%emt 0:00:01]} 95. Kf4 {[%emt 0:00:08]} Kh6 {[%emt 0:00:02]} 96. Kg4 {[%emt 0:00:02]} Kg6 {[%emt 0:00:01]} 97. h5+ {[%emt 0:00:02]} Kh6 {[%emt 0:00:01]} 98. Ne5 {[%emt 0:00:08]} Kg7 {[%emt 0:00:02]} 99. Kg5 {[%emt 0:00:02]} Kh7 {[%emt 0:00:01]} 100. h6 {[%emt 0:00:05]} Kg8 {[%emt 0:00:03]} 101. Kg6 {[%emt 0:00:06]} Kh8 {[%emt 0:00:01]} 102. Nf7+ {[%emt 0:00:01]} 1-0

[Event "29th Czech Open-Rapid 2018"]
[Site "Pardubice"]
[Date "2018.07.18"]
[Round "1"]
[White "Barak, Gil"]
[Black "Domogaev, Sergey"]
[Result "1/2-1/2"]
[WhiteElo "1993"]
[BlackElo "2414"]
[Annotator "TA"]
[PlyCount "104"]
[EventDate "2018.07.18"]
[EventType "swiss"]
[EventCountry "CZE"]
[SourceTitle "playchess.com"]
[Source "ChessBase"]
[SourceQuality "1"]

{[%evp 33,104,53,52,38,75,83,83,92,76,83,109,97,137,129,151,156,204,150,175,183,174,44,83,45,120,44,108,126,145,123,133,47,133,124,140,94,107,25,25,28,23,38,63,0,144,99,81,81,129,86,95,66,45,9,8,9,11,0,111,113,105,114,136,74,140,112,129,0,153,0,113,0,163]} 1. e4 e5 2. Nf3 Nc6 3. Bb5 a6 4. Ba4 Nf6 5. d4 exd4 6. O-O Be7 7. Re1 O-O 8. e5 Nd5 9. Bb3 Nb6 10. Nxd4 Nxd4 11. Qxd4 d5 12. exd6 Bxd6 13. Bf4 Qh4 14. g3 Qg4 15. h3 {C84: Closed Ruy Lopez: Unusual White 6th moves} Qd7 16. Bxd6 Qxd6 17. Qxd6 cxd6 {LiveBook: 6 Games} 18. Re7 Bxh3 19. Rxb7 Nd7 20. Nc3 {[#]} Nc5 $146 ({Predecessor:} 20... Ne5 21. f4 Nf3+ 22. Kf2 Nd4 {0-1 (58) Smirnov,P (2345)-Korneev,O (2590) Ekaterinburg 1997}) 21. Rb6 a5 {[%cal Ba6a5,Ba5a4][%mdl 32]} 22. Rxd6 a4 23. Bd5 Rab8 24. b3 Bf5 25. Rc6 Ne6 26. Bxe6 fxe6 27. bxa4 (27. Nxa4 $18 {Black must now prevent Nc5.} Rbd8 28. Rc4) 27... Bxc2 28. Rxe6 Bf5 (28... Ra8 $14) 29. Re2 (29. Re3 $16) 29... Bd3 ({Black should play} 29... Bg4 $1 $14) 30. Rd2 Bc4 31. Rad1 Rbe8 32. Nd5 (32. Rd7 $16) 32... Be2 (32... Bxd5 $1 $14 33. Rxd5 Re2) 33. Re1 $16 Bf3 34. Rxe8 Rxe8 {[%mdl 4096] Endgame KRB-KRN} 35. Ne3 (35. Kf1 $16) 35... Re4 $11 36. Rd8+ Kf7 37. Rd7+ Kf8 38. Rd8+ (38. Ra7 $14) 38... Ke7 (38... Kf7 $1 $11) 39. Rd4 Re5 40. Rf4 Be4 41. Nc4 Re6 42. Nd2 Bb7 {[#] aiming for ...Re1+.} 43. Kf1 {Rb4 is the strong threat.} Ba6+ 44. Kg2 {With the idea Rb4.} Bb7+ 45. Kf1 {Strongly threatening Rb4.} g5 {[#]} (45... Ba6+ $11 46. Kg1 Re1+ 47. Kg2 Bb7+ 48. Nf3 Rc1) 46. Rb4 $1 $16 {[%cal Rb4b7]} Ba6+ 47. Kg2 h5 48. a5 (48. Nf3 $142) 48... Bd3 (48... Re5 $142) 49. Rd4 Ba6 50. Rb4 Bd3 $1 51. Rd4 Ba6 $1 52. Rb4 Bd3 $1 {Precision: White = 31%, Black = 39%.} 1/2-1/2

[Event "29th Czech Open-Rapid 2018"]
[Site "Pardubice"]
[Date "2018.07.18"]
[Round "1"]
[White "Khmelev, Mikhail"]
[Black "Skliarov, Viktor"]
[Result "0-1"]
[WhiteElo "1972"]
[BlackElo "2357"]
[Annotator "TA"]
[PlyCount "82"]
[EventDate "2018.07.18"]
[EventType "swiss"]
[EventCountry "CZE"]
[SourceTitle "playchess.com"]
[Source "ChessBase"]
[SourceQuality "1"]

{[%evp 10,82,26,0,40,14,21,25,16,16,12,5,13,-5,0,-6,-8,-35,0,0,-8,-85,0,0,0,8,23,-7,53,0,-9,-97,-90,-110,-11,-147,-128,-123,-141,-105,-112,-110,-131,-170,-151,-211,-168,-315,-215,-238,-187,-979,-966,-2116,-473,-489,-464,-287,-170,-148,-91,-81,-84,-75,-89,-663,-641,-2170,-2052,-1662,-1575,-1485,-1229,-1818,-1328]} 1. e4 c5 2. Nf3 Nc6 3. Bb5 e6 4. O-O Nge7 5. Re1 Nd4 6. Bf1 {LiveBook: 58 Games. B30: Sicilian: 2...Nc6 3 Bb5, lines without ...g6} (6. Nxd4 cxd4 7. d3 a6 8. Ba4 b5 9. Bb3 Bb7 10. Bg5 Qc7 11. Bh4 Ng6 12. Bg3 Bd6 13. c3 Qb6 14. Qh5 Rc8 {½-½ (22) Jones,G (2675)-Iturrizaga Bonelli,E (2624) Dubai 2018}) 6... Ng6 7. c3 Nxf3+ 8. Qxf3 {The position is equal.} Be7 9. d4 O-O 10. g3 b6 11. h4 Bb7 12. Bg2 $146 ({Predecessor:} 12. h5 Nh8 13. Qe2 f5 14. exf5 Rxf5 {0-1 (41) Yarullina,A (1950)-Beliaev,V (2110) Kazan 2007}) 12... f5 13. Qd3 fxe4 14. Bxe4 Bxe4 15. Qxe4 {[#]} Rf5 (15... Bxh4 $1 $17 {[%mdl 512]} 16. gxh4 Nxh4) 16. Be3 $11 Qf8 17. Nd2 Re8 18. Nb3 Kh8 (18... Qf7 $11) 19. dxc5 ({Better is} 19. Rad1 $14) 19... bxc5 20. Qa4 (20. Rad1 $11) 20... Ne5 $17 21. Kg2 Rh5 (21... Qf7 $17 {White should prevent ...Rf8.} 22. Rad1 Qh5 23. Nxc5 Qf3+ 24. Kg1 Bxh4 $1 {[%mdl 512]}) 22. Qe4 (22. f4 $11 Nd3 23. Qxd7) 22... d5 23. Qf4 {With the idea Qxf8+.} Rf5 24. Qa4 {White wants to play Nxc5!} Nd3 {[%cal Rf5f2]} 25. Re2 e5 {[%cal Be6e5,Be5e4][%mdl 32]} 26. Rf1 e4 27. Nc1 {[#]} (27. Rd2 $17) 27... Ne5 $1 $19 28. Rd2 (28. Nb3 {was worth a try.}) 28... Nf3 29. Rdd1 Bxh4 {And now ...Bg5 would win.} 30. Bxc5 $2 ({Avoid the trap} 30. gxh4 $2 Nxh4+ 31. Kg1 Rh5 $19) (30. Ne2 Rb8 31. b4) 30... Be7 {Strongly threatening ...Rh5.} 31. Bxe7 {[#]} Qxe7 (31... Rh5 $142 $3 {[%csl Gf3][%cal Rh5h2][%mdl 512]} 32. Rg1 Rxe7) 32. Ne2 Ref8 33. Nd4 Rh5 $40 {[%mdl 128] Black attacks with force.} (33... R5f6 $142 34. Nxf3 Rxf3) 34. Rh1 Qf7 (34... Rg5 $142 35. Qc2 Qf6) 35. Rxh5 $17 Qxh5 36. Rh1 Qf7 37. Qb4 $2 {[%mdl 8192]} (37. Qd1 $17) 37... Nd2 $19 {Black is clearly winning.} ({Not} 37... Nxd4 38. Qxd4 Qf3+ 39. Kg1 $11) 38. f4 {aiming for Ne6!} exf3+ 39. Kf2 Ne4+ 40. Ke3 f2 41. Ne6 Re8 {Precision: White = 23%, Black = 63%.} 0-1

[Event "29th Czech Open-Rapid 2018"]
[Site "Pardubice"]
[Date "2018.07.18"]
[Round "1"]
[White "Roskova, Katerina"]
[Black "Frolov, Artur"]
[Result "0-1"]
[WhiteElo "1950"]
[BlackElo "2393"]
[Annotator "TA"]
[PlyCount "128"]
[EventDate "2018.07.18"]
[EventType "swiss"]
[EventCountry "CZE"]
[SourceTitle "playchess.com"]
[Source "ChessBase"]
[SourceQuality "1"]

{[%evp 10,128,61,57,102,105,133,122,124,136,126,107,105,105,123,131,168,168,149,156,192,174,174,187,190,136,139,119,155,129,158,159,181,185,222,230,281,174,281,270,310,214,197,127,114,117,256,133,214,176,328,317,274,83,83,0,0,-60,-76,-269,-269,-256,0,-95,296,288,286,277,296,300,308,292,285,266,248,181,186,186,152,154,158,0,0,-18,-20,-43,-41,-21,-34,-225,-190,-225,-203,-232,0,-12819,-12821,-12828,-12823,-1849,-967,-1035,-1035,-974,-933,-1674,-886,-2545,-1748,-12705,-7742,-5393,-3305,-2749,-1743,-12845,-12846,-12847,-12847,-12849,-12849]} 1. d4 Nf6 2. c4 c5 3. d5 e5 4. Nc3 d6 5. g3 g6 (5... Nbd7 6. e4 h5 7. h3 g6 8. Nf3 Bh6 9. Bxh6 Rxh6 10. Be2 Kf8 11. Qd2 Kg7 12. Qe3 a6 13. a4 b6 14. Ng5 {0-1 (43) Ivanchuk,V (2766)-Leko,P (2732) Beijing 2012}) 6. Bg2 {LiveBook: 30 Games. A56: Czech Benoni} h5 $146 ({Predecessor:} 6... Bg7 7. Nf3 O-O 8. O-O Ne8 9. e4 f5 10. exf5 gxf5 11. Ng5 Qe7 12. f4 e4 13. Qe2 Na6 14. g4 Nac7 15. gxf5 Bxf5 16. Ngxe4 Bxc3 17. Nxc3 Qxe2 18. Nxe2 {0-1 (39) Veinberg,N (2397)-Czebe,A (2459) Budapest 2015}) 7. Nf3 Bh6 8. Bxh6 {White is clearly better.} Rxh6 9. Qd2 Rh8 10. h4 a6 11. O-O Nbd7 12. a4 b6 13. Ng5 Qe7 14. f4 Ng4 15. f5 $1 {[%cal Rf5g6]} gxf5 16. Rxf5 Ndf6 17. Rff1 (17. Rf3 $18) 17... Bd7 18. Qd3 a5 19. Nce4 Rh6 20. Bf3 Nxe4 21. Bxe4 Nf6 22. Bf5 O-O-O 23. Ra3 Rg8 (23... Rf8 {is a better defense.} 24. Bxd7+ Qxd7) 24. Bxd7+ $18 Kxd7 25. Rb3 Kc7 26. Qf5 (26. Qd2 $18) 26... Rg7 27. Rbf3 Rhg6 (27... e4 $16 {was worth a try.} 28. Re3 Qe8) 28. Kh1 ({White should try} 28. Qxf6 $18 Rxf6 29. Rxf6) 28... Nd7 (28... e4 $16 {might work better.} 29. Re3 Qe8) 29. Qc2 Rxg5 $2 (29... Rf6 30. Qb3 Rxf3 31. Qxf3 (31. exf3 Nf8 $14) 31... Rxg5 32. hxg5 Qxg5) 30. hxg5 Qxg5 31. Qf5 $2 (31. Rxf7 $18 {is the precise move to win. And now Qd3 would win.} Qxg3 32. Rxg7 Qxg7 33. Qf5) 31... Qh6 $16 32. Qh3 (32. Kh2 $16) 32... f6 $1 $11 33. Rf5 ({White should play} 33. e4 $11) 33... Qe3 $15 34. R5f3 $2 (34. Qg2 $17) 34... Qxe2 $19 35. b3 Qe4 $2 (35... e4 $1 $19 {[%cal Re4f3]} 36. Rf4 Qd3) 36. Kh2 (36. Qf5 $1 $11 Qd4 37. Rd3) 36... Rh7 $2 {[%mdl 8192]} (36... Qd4 $17 {stays on course. Hoping for ...e4.} 37. Qe6 h4 38. gxh4 e4) 37. Qf5 $18 Qxf5 38. Rxf5 {[%mdl 4096] Endgame KRR-KRN} Kd8 {[#]} 39. Kh3 $1 {[%cal Rh3g2]} Ke7 40. Kh4 Rg7 41. Rxh5 Nf8 42. Rhf5 Nh7 43. g4 Rg6 44. Kg3 Ng5 {[#]} 45. Re1 $2 (45. Rh1 $1 $16) 45... Rh6 $11 46. Re2 Rh3+ 47. Kg2 Rxb3 48. Ref2 $1 Ne4 49. Rf1 $2 (49. R2f3 $1 $15 Rb2+ 50. Kg1) 49... Rg3+ $19 50. Kh2 {Black must now prevent Rxf6!} Rxg4 51. Rb1 Rg5 $2 (51... Kf7 $19 52. Rb2 Kg6) 52. Rf3 $2 {[%mdl 8192]} (52. Rxg5 $11 fxg5 53. Kg2) 52... Nd2 $1 {[%csl LRb1,LRc4,LRf3] Black is clearly winning.} 53. Rfb3 Nxb3 54. Rxb3 {KR-KR} Rg4 55. Rxb6 Rxc4 56. Rb7+ Kf8 57. Rd7 Rxa4 58. Rxd6 Ke7 59. Rc6 Rc4 60. Kg3 a4 61. Kf3 a3 62. Ke3 Ra4 63. Rxc5 a2 64. Rc1 a1=Q {Precision: White = 40%, Black = 47%.} 0-1

[Event "29th Czech Open-Rapid 2018"]
[Site "Pardubice"]
[Date "2018.07.18"]
[Round "1"]
[White "Mlcak, Viktor"]
[Black "Sarkar, Justin"]
[Result "0-1"]
[WhiteElo "1939"]
[BlackElo "2307"]
[Annotator "TA"]
[PlyCount "26"]
[EventDate "2018.07.18"]
[EventType "swiss"]
[EventCountry "CZE"]
[SourceTitle "playchess.com"]
[Source "ChessBase"]
[SourceQuality "1"]

{[%evp 12,26,-53,-29,18,-8,-5,-20,-26,-39,-38,-101,-97,-75,-23,-485,-470]} 1. e4 e5 2. Nc3 Nf6 3. f4 d5 4. fxe5 Nxe4 5. d3 Nxc3 6. bxc3 Nc6 {C29: Wiener Partie} (6... c5 7. Nf3 Nc6 8. Be2 Be7 9. O-O Be6 10. Qe1 g5 11. Qg3 g4 12. Ne1 h5 13. Kh1 Qd7 14. Bf4 O-O-O 15. Qf2 h4 {0-1 (42) Tomazini,Z (2428)-Firat,B (2460) Otocec 2016}) 7. Nf3 {LiveBook: 21 Partien} Bg4 8. Be2 Be7 {Die Stellung ist ausgeglichen.} 9. O-O Bxf3 10. Bxf3 Nxe5 11. c4 $146 (11. Rb1 $15) ({Vorgänger:} 11. Rb1 b6 12. c4 c6 13. cxd5 Nxf3+ 14. Qxf3 Qxd5 {1-0 (23) Dominguez Lorenzo,P (1933)-Roberts,C (1771) IECC email 2004}) 11... dxc4 $17 12. Bxb7 {[#] Schwarz muss nun De1 beachten.} Rb8 ({Bitte nicht} 12... cxd3 $6 13. Qe1 $14) (12... Qd4+ $17 13. Kh1 Qxa1 14. Bxa8 O-O) 13. Be4 $2 {[%mdl 8192]} (13. Rb1 $1 $11 {und Weiss steht sicher.}) 13... Qd4+ 0-1

[Event "29th Czech Open-Rapid 2018"]
[Site "Pardubice"]
[Date "2018.07.18"]
[Round "1"]
[White "Zarovs, Aleksandrs"]
[Black "Gomes, Mary Ann"]
[Result "0-1"]
[WhiteElo "1836"]
[BlackElo "2284"]
[Annotator "NA"]
[PlyCount "58"]
[EventDate "2018.07.18"]
[EventType "swiss"]
[EventCountry "CZE"]
[SourceTitle "playchess.com"]
[Source "ChessBase"]
[SourceQuality "1"]
[TimeControl "900+10"]

1. e4 {[%emt 0:00:00]} c5 {[%emt 0:00:00]} 2. Nf3 {[%emt 0:00:00]} d6 {[%emt 0:00:00]} 3. Bb5+ {[%emt 0:00:00]} Nd7 {[%emt 0:00:00]} 4. d4 {[%emt 0:00:00]} cxd4 {[%emt 0:00:00]} 5. Qxd4 {[%emt 0:00:00]} a6 {[%emt 0:00:02]} 6. Bxd7+ {[%emt 0:00:00]} Bxd7 {[%emt 0:00:02]} 7. c4 {[%emt 0:00:00]} e5 {[%emt 0:00:01]} 8. Qd3 {[%emt 0:00:02]} h6 {[%emt 0:00:02]} 9. Nc3 {[%emt 0:00:02]} Nf6 {[%emt 0:00:01]} 10. O-O {[%emt 0:00:02]} Rc8 {[%emt 0:00:03]} 11. b3 {[%emt 0:00:10]} Be7 {[%emt 0:00:10]} 12. Rd1 {[%emt 0:00:06]} O-O {[%emt 0:00:09]} 13. a4 {[%emt 0:00:02]} Qb6 {[%emt 0:00:23]} 14. Rb1 {[%emt 0:01:07]} Be6 {[%emt 0:00:47]} 15. Ba3 {[%emt 0:00:06]} Rfd8 {[%emt 0:00:13]} 16. h3 {[%emt 0:01:13]} Nh5 {[%emt 0:00:27]} 17. Qc2 {[%emt 0:00:44]} Bf8 {[%emt 0:00:12]} 18. Rd2 {[%emt 0:01:24]} Qa5 {[%emt 0:03:41]} 19. Rbd1 {[%emt 0:00:59]} b5 {[%emt 0:00:03]} 20. b4 {[%emt 0:01:21]} Qc7 21. c5 {[%emt 0:01:47]} dxc5 {[%emt 0:00:12]} 22. Rxd8 {[%emt 0:00:28]} Rxd8 {[%emt 0:00:01]} 23. Rxd8 {[%emt 0:00:10]} Qxd8 {[%emt 0:00:02]} 24. bxc5 {[%emt 0:00:31]} Qa5 {[%emt 0:00:10]} 25. Nxe5 {[%emt 0:01:22]} b4 {[%emt 0:00:05]} 26. Nc6 {[%emt 0:00:28]} Qxc5 {[%emt 0:00:03]} 27. Nxb4 {[%emt 0:02:30]} a5 {[%emt 0:00:01]} 28. Ncd5 {[%emt 0:02:00]} Bxd5 {[%emt 0:01:17]} 29. Nxd5 {[%emt 0:01:30]} Qxc2 {[%emt 0:00:04]} 0-1